| 000 | 01144nam a22002537a 4500 | ||
|---|---|---|---|
| 005 | 20090724135734.0 | ||
| 008 | 090608t xxu||||| |||| 00| j hin d | ||
| 010 | _aHIN-93341 | ||
| 020 |
_a8190300059 _c250.00 |
||
| 035 | _aHN-65687 | ||
| 037 | _bDBAD / PUB | ||
| 040 |
_aDPL _bHN |
||
| 082 | _aक | ||
| 100 |
_aप्रेमचंद _91372 |
||
| 245 |
_aपंच-परमेश्वरः _cमुंशी प्रेमचंद _bकहानी संग्रह / |
||
| 246 |
_aPancha-parmeshwara _bby Premchand |
||
| 260 |
_aइलाहाबाद _bसृष्टि साहित्य प्रकाशन _c2011 |
||
| 270 |
_a542, के.एल.कीडगंज _bइलाहाबाद |
||
| 300 |
_a120पृ. _c22सेमी (सजिल्द) _bसचित्र |
||
| 650 |
_aलघु कथाएँ, हिन्दी _91169 |
||
| 650 |
_aShort stories, Hindi _929837 |
||
| 942 |
_2ddc _cHN _mप्रेमचं _hक |
||
| 999 |
_c54174 _d54174 |
||